| 000 | 00542nam a22001817a 4500 | ||
|---|---|---|---|
| 999 |
_c190762 _d190762 |
||
| 005 | 20220804122512.0 | ||
| 010 | _aENG-134234 | ||
| 020 |
_c465.00 _a9789390889228 |
||
| 035 | _aEN-117766 | ||
| 037 | _bDBAD/PUB | ||
| 082 | _aN | ||
| 100 | _aShastry, R. M. Prabhulinga | ||
| 245 |
_aRegaining the novel/ _cR.M. Prabhulinga Shastry |
||
| 260 |
_aDelhi _bPrakhar Goonj Publication _c2021 |
||
| 270 |
_aH-3/2, Sector-18, Rohini _bDelhi _e110089 _k7982710571 _mprakhargoonj@gmail.com |
||
| 300 |
_a314 p. _c22cm(pbk) |
||
| 942 |
_2ddc _cEN _hN _mSHA |
||